| 000 | 01112cam a2200301 a 4500 | ||
|---|---|---|---|
| 001 | 12765787 | ||
| 003 | OSt | ||
| 005 | 20240618150757.0 | ||
| 008 | 020506s2002 nyua b 001 0 eng | ||
| 010 | _a 2002071332 | ||
| 020 | _a0471213942. | ||
| 040 | _cMUST, | ||
| 082 | 0 | 0 | _a511.352 WAT 2002 |
| 100 | 1 |
_aWatkins, David S. _917245 |
|
| 245 | 1 | 0 |
_aFundamentals of matrix computations / _cDavid S. Watkins. |
| 250 | _a2nd ed. | ||
| 260 |
_aNew York : _bWiley-Interscience, _c2002. |
||
| 300 |
_axiii, 618 p. : _bill. ; _c25 cm. |
||
| 490 | 1 | _aPure and applied mathematics | |
| 504 | _aIncludes bibliographical references and indexes. | ||
| 650 | 0 |
_aMatrices. _917246 |
|
| 651 | _2Mathematics. | ||
| 830 | 0 |
_aPure and applied mathematics (John Wiley & Sons : Unnumbered) _917202 |
|
| 856 | 4 | 2 |
_3Contributor biographical information _uhttp://www.loc.gov/catdir/bios/wiley044/2002071332.html |
| 856 | 4 | 2 |
_3Publisher description _uhttp://www.loc.gov/catdir/description/wiley036/2002071332.html |
| 856 | 4 | 1 |
_3Table of contents _uhttp://www.loc.gov/catdir/toc/wiley023/2002071332.html |
| 942 |
_2ddc _cO_SHELF |
||
| 999 |
_c8491 _d8491 |
||